000 01012cam a22002891 4500
001 sd 45000019
003 DLC
005 20260227112735.0
008 750926s1944 nyu b 000 0 eng c
010 _asd 45000019
035 _a(OCoLC)1659168
040 _aU. S. Dept. of state. Libr.
_cFU
_dOCoLC
_dDLC
042 _apremarc
043 _as-ag---
050 0 0 _aD410
_b.F65 vol. 20, no. 4
100 1 _aFisk, Ysabel.
245 1 0 _aArgentina in crisis,
_cby Ysabel Fisk and Robert A. Rennie.
260 _aNew York, N.Y.,
_bForeign policy association, incorporated
_c[1944]
300 _a1 p. l., 35-47, [1] p.
_c27cm.
490 0 _aForeign policy reports.
_vVol. XX, no. 4. May 1, 1944
500 _a"Argentina and the United States, by Ysabel Fisk": p. [48]
504 _aBibliographical foot-notes.
651 0 _aArgentina
_xEconomic conditions.
650 0 _aWorld War, 1939-1945
_zArgentina.
651 0 _aArgentina
_xPolitics and government.
700 1 _aRennie, Robert Alvin,
_ejoint author.
999 _c89947
_d89947